[Event "POL-ch blitz"]
[Site "Suwalki"]
[Date "2022.09.24"]
[Round "2"]
[White "Jankowski, Marek"]
[Black "Celinski, Kamil"]
[Result "0-1"]
[WhiteElo "2181"]
[BlackElo "1959"]
[PlyCount "96"]
[EventDate "2022.09.24"]
[EventType "swiss (blitz)"]
[EventRounds "15"]
[EventCountry "POL"]
[SourceTitle "CBM 210 Extra"]
[Source "ChessBase"]
[SourceDate "2022.11.30"]
[SourceVersion "1"]
[SourceVersionDate "2022.11.30"]
[SourceQuality "1"]

1. e4 e5 2. Nf3 Nc6 3. Bb5 a6 4. Ba4 Nf6 5. 0-0 Be7 6. Re1 b5 7. Bb3 0-0 8. c3 d5 9. d3 dxe4 10. dxe4 Qxd1 11. Bxd1 Bc5 12. h3 Rd8 13. Nbd2 h6 14. Nb3 Nxe4 15. Be3 Bxe3 16. Rxe3 f5 17. Bc2 Bb7 18. Nh4 Ne7 19. f3 Nd5 20. Ree1 Nef6 21. Nxf5 Re8 22. Nc5 Bc6 23. Rad1 Nf4 24. Ne3 Rad8 25. Kf2 N6d5 26. Nxd5 Bxd5 27. a3 c6 28. Nxa6 Ne6 29. Nb4 Nc7 30. Nxd5 cxd5 31. Rd2 Kf7 32. Red1 Ke6 33. Re1 Kf6 34. g3 Ne6 35. Red1 d4 36. cxd4 Nxd4 37. Be4 Rc8 38. Bb7 Rc7 39. Be4 Rec8 40. h4 g5 41. hxg5+ hxg5 42. Rh1 Kg7 43. Rh7+ Kf6 44. Rxc7 Rxc7 45. Rd1 g4 46. fxg4 Kg5 47. Bf3 Rf7 48. Rd3 e4 0-1

[Event "POL-ch blitz"]
[Site "Suwalki"]
[Date "2022.09.24"]
[Round "7"]
[White "Kaminski, Maciej1111"]
[Black "Jankowski, Marek"]
[Result "1-0"]
[WhiteElo "1905"]
[BlackElo "2181"]
[PlyCount "63"]
[EventDate "2022.09.24"]
[EventType "swiss (blitz)"]
[EventRounds "15"]
[EventCountry "POL"]
[SourceTitle "CBM 210 Extra"]
[Source "ChessBase"]
[SourceDate "2022.11.30"]
[SourceVersion "1"]
[SourceVersionDate "2022.11.30"]
[SourceQuality "1"]

1. e4 d6 2. d4 g6 3. Nc3 Bg7 4. f4 Nf6 5. Nf3 0-0 6. Bd3 Na6 7. 0-0 c5 8. d5 Nc7 9. a4 e6 10. dxe6 Nxe6 11. Qe2 a6 12. Bd2 Nh5 13. g3 Nd4 14. Nxd4 Bxd4+ 15. Be3 Bg7 16. Rad1 Nf6 17. e5 Ng4 18. Be4 Nxe3 19. Qxe3 Qb6 20. Nd5 Qxb2 21. Ne7+ Kh8 22. Nxc8 Raxc8 23. Rxd6 b5 24. Rxa6 bxa4 25. Rxa4 Rfd8 26. Ra7 c4 27. Rxf7 Bf8 28. Qf3 Rd2 29. Rxh7+ Kxh7 30. Qh5+ Kg8 31. Qxg6+ Bg7 32. Qe6+ 1-0

[Event "Mazowieckie-chT 0506"]
[Site "Poland"]
[Date "2006.01.22"]
[Round "9"]
[White "Lokasto, Anatol"]
[Black "Jankowski, Marek"]
[Result "0-1"]
[WhiteElo "2245"]
[BlackElo "1800"]
[PlyCount "128"]
[EventDate "2005.10.09"]
[EventType "team-tourn"]
[EventRounds "9"]
[EventCountry "POL"]
[SourceTitle "EXT 2019"]
[Source "ChessBase"]
[SourceDate "2018.10.10"]
[SourceVersion "1"]
[SourceVersionDate "2018.10.10"]
[SourceQuality "1"]

1. e4 d6 2. d4 g6 3. Nc3 Bg7 4. Be3 Nf6 5. h3 0-0 6. Nf3 c6 7. a4 a5 8. Be2 Na6 9. 0-0 Nb4 10. Nd2 Ne8 11. Na2 Nxa2 12. Rxa2 f5 13. f3 Nf6 14. g4 Be6 15. c4 Qc7 16. d5 Bd7 17. Bd3 fxg4 18. fxg4 e6 19. Qb3 Rae8 20. Bb6 Qc8 21. dxc6 Bxc6 22. Raa1 Nd7 23. Bxa5 Ne5 24. Be2 Qd7 25. Qe3 Bxa4 26. Bc3 Bc6 27. Rxf8+ Rxf8 28. Rf1 Rxf1+ 29. Bxf1 Qd8 30. g5 Qf8 31. Be2 h6 32. h4 h5 33. b4 Qa8 34. b5 Bd7 35. Kg2 Qa3 36. Qd4 Bh8 37. Bb2 Qb4 38. Bc3 Qa3 39. Bb2 Qa2 40. Nf3 Nf7 41. e5 Nxe5 42. Qb6 Qxb2 43. Qd8+ Kh7 44. Qe7+ Bg7 45. Kf1 Nxf3 46. Bxf3 Bxb5 47. cxb5 Qxb5+ 48. Kg2 Qb2+ 49. Kf1 Qc1+ 50. Ke2 Qc4+ 51. Ke3 Qd4+ 52. Ke2 Qe5+ 53. Kf1 b5 54. Qb7 Qf4 55. Ke2 b4 56. Qe4 Qxe4+ 57. Bxe4 d5 58. Bc2 Be5 59. Kf3 Kg7 60. Bb3 Bc3 61. Ba2 Be1 62. Kf4 Kf7 63. Bb3 Bxh4 64. Bc2 Be1 0-1

[Event "Mazowieckie-chT 0506"]
[Site "Poland"]
[Date "2005.10.09"]
[Round "1"]
[White "Jankowski, Marek"]
[Black "Lokasto, Anatol"]
[Result "0-1"]
[WhiteElo "1800"]
[BlackElo "2245"]
[PlyCount "119"]
[EventDate "2005.10.09"]
[EventType "team-tourn"]
[EventRounds "9"]
[EventCountry "POL"]
[SourceTitle "EXT 2019"]
[Source "ChessBase"]
[SourceDate "2018.10.10"]
[SourceVersion "1"]
[SourceVersionDate "2018.10.10"]
[SourceQuality "1"]

1. e4 e5 2. Nf3 Nc6 3. Bb5 Bc5 4. 0-0 Nf6 5. c3 0-0 6. d3 d6 7. Be3 Bxe3 8. fxe3 Ne7 9. Nbd2 c6 10. Ba4 Qb6 11. Nc4 Qc7 12. Bb3 Ng6 13. Qe1 d5 14. exd5 cxd5 15. Ncd2 a5 16. Bc2 Qb6 17. Rb1 Bd7 18. a4 Ng4 19. d4 e4 20. Ng5 Qd6 21. g3 h6 22. Ngxe4 dxe4 23. Nxe4 Qe7 24. h3 f5 25. Nc5 Nxe3 26. Bb3+ Kh7 27. Nxd7 Rfe8 28. Nb6 Nxf1 29. Qxe7 Rxe7 30. Rxf1 Ra6 31. Nd5 Re2 32. Bc4 Rxb2 33. Bxa6 bxa6 34. Rxf5 Ra2 35. Nb6 Rb2 36. Nd7 Rb3 37. Rc5 Ra3 38. Nb6 Ne7 39. Kf2 Kg6 40. Nd5 Nxd5 41. Rxd5 Rxc3 42. Rxa5 Rd3 43. Rxa6+ Kf5 44. Ra8 Rxd4 45. a5 Rd2+ 46. Ke3 Rh2 47. a6 Kg6 48. Kd4 h5 49. h4 Ra2 50. Kc5 Ra3 51. Kb6 Rb3+ 52. Ka7 Rxg3 53. Rb8 Rg4 54. Rb6+ Kf5 55. Kb7 Rxh4 56. a7 Ra4 57. Ra6 Rb4+ 58. Kc7 Rc4+ 59. Kd7 Rd4+ 60. Ke7 0-1

[Event "Mazowieckie-chT 0405"]
[Site "Poland"]
[Date "2004.11.07"]
[Round "3"]
[White "Jankowski, Marek"]
[Black "Kurpiewski, Slawomir"]
[Result "1-0"]
[WhiteElo "1800"]
[BlackElo "2179"]
[PlyCount "163"]
[EventDate "2004.10.03"]
[EventType "team-tourn"]
[EventRounds "10"]
[EventCountry "POL"]
[SourceTitle "EXT 2019"]
[Source "ChessBase"]
[SourceDate "2018.10.10"]
[SourceVersion "1"]
[SourceVersionDate "2018.10.10"]
[SourceQuality "1"]

1. e4 e5 2. Nf3 Nc6 3. Bb5 a6 4. Ba4 Nf6 5. 0-0 Be7 6. Re1 b5 7. Bb3 0-0 8. a4 Bb7 9. d3 d6 10. c3 Na5 11. Bc2 c5 12. Nbd2 Nd7 13. Nf1 Bf6 14. Ng3 g6 15. Bh6 Bg7 16. Qd2 Qe7 17. h3 c4 18. Bxg7 Kxg7 19. d4 Nb6 20. axb5 axb5 21. Qe3 Nd7 22. Ra3 Nc6 23. Rea1 Rxa3 24. Rxa3 Rb8 25. d5 Nd8 26. Ra5 Bc8 27. Ra7 Qf6 28. Nh2 Nc5 29. Ne2 h6 30. f4 exf4 31. Nxf4 b4 32. Nf3 bxc3 33. bxc3 Rb2 34. Nd4 Nb3 35. Nfe2 Nxd4 36. Nxd4 Nb7 37. Qc1 Rb6 38. Qe3 Nc5 39. Nf3 Rb7 40. Ra8 Rc7 41. Ra1 Nd7 42. Rf1 Ne5 43. Nd4 Qg5 44. Rf4 Rb7 45. Nf3 Nxf3+ 46. Qxf3 Qe5 47. Qe3 Ra7 48. Qxa7 Qxf4 49. Qd4+ Kh7 50. Qf2 Qxf2+ 51. Kxf2 Kg7 52. Ke3 Kf6 53. Kd4 Ba6 54. Ba4 Kg5 55. e5 dxe5+ 56. Kxe5 Bc8 57. d6 f5 58. d7 Bxd7 59. Bxd7 Kh4 60. Kf4 g5+ 61. Kxf5 h5 62. Kg6 g4 63. hxg4 hxg4 64. Kf5 Kg3 65. Bc6 Kh4 66. Kf4 Kh5 67. g3 Kg6 68. Kxg4 Kf6 69. Bd5 Kg6 70. Bxc4 Kh6 71. Kf5 Kg7 72. g4 Kh6 73. g5+ Kg7 74. Bd5 Kf8 75. Kf6 Ke8 76. g6 Kd7 77. g7 Kd6 78. g8Q Kc5 79. Qc8+ Kb5 80. Qc6+ Ka5 81. Qc5+ Ka4 82. Qb4# 1-0

[Event "Mazowieckie-chT 0405"]
[Site "Poland"]
[Date "2004.10.17"]
[Round "2"]
[White "Kasperkiewicz, Pawel"]
[Black "Jankowski, Marek"]
[Result "1/2-1/2"]
[WhiteElo "2183"]
[BlackElo "1800"]
[PlyCount "98"]
[EventDate "2004.10.03"]
[EventType "team-tourn"]
[EventRounds "10"]
[EventCountry "POL"]
[SourceTitle "EXT 2019"]
[Source "ChessBase"]
[SourceDate "2018.10.10"]
[SourceVersion "1"]
[SourceVersionDate "2018.10.10"]
[SourceQuality "1"]

1. e4 d6 2. d4 g6 3. Nf3 Bg7 4. Nc3 Nf6 5. Be2 0-0 6. 0-0 c6 7. a4 Qc7 8. Bf4 Nbd7 9. Qd2 e5 10. Bh6 Re8 11. dxe5 dxe5 12. Bxg7 Kxg7 13. Bc4 Nb6 14. Bb3 Be6 15. Bxe6 Rxe6 16. Rfd1 Nbd7 17. Qe3 Rd6 18. Rxd6 Qxd6 19. Rd1 Qe7 20. Nd2 Qb4 21. b3 Ng4 22. Qg3 Ngf6 23. Nc4 Re8 24. Qe3 b5 25. axb5 cxb5 26. Nd6 Rb8 27. Na2 Qa3 28. Nc1 Qc5 29. Qxc5 Nxc5 30. f3 Kf8 31. Nd3 Nxd3 32. Rxd3 Ke7 33. Kf2 a6 34. Ke2 Nd7 35. g3 f6 36. f4 exf4 37. gxf4 Nc5 38. Rd5 Rd8 39. Rxc5 Rxd6 40. Rc7+ Rd7 41. Rc6 Rd6 42. Rc8 Rd7 43. Ra8 Rd6 44. Ra7+ Ke6 45. Rxh7 Rc6 46. Kd2 Rd6+ 47. Ke2 Rc6 48. Kd2 Rd6+ 49. Ke2 Rc6 1/2-1/2